|
|
|
|
| LEADER |
01059nab a2200289 i 4500 |
| 001 |
publ20865 |
| 005 |
20220915155959.0 |
| 008 |
210218s2021 hu o 0|| zxx d |
| 022 |
|
|
|a 1861-0684
|
| 024 |
7 |
|
|a 10.1007/s00392-021-01809-y
|2 doi
|
| 024 |
7 |
|
|a 31877554
|2 mtmt
|
| 040 |
|
|
|a SZTE Publicatio Repozitórium
|b hun
|
| 041 |
|
|
|a zxx
|
| 100 |
1 |
|
|a Sárközy Márta
|
| 245 |
1 |
0 |
|a Pathomechanisms and therapeutic opportunities in radiation‑induced heart disease
|h [elektronikus dokumentum] :
|b from bench to bedside /
|c Sárközy Márta
|
| 260 |
|
|
|c 2021
|
| 300 |
|
|
|a 507-531
|
| 490 |
0 |
|
|a CLINICAL RESEARCH IN CARDIOLOGY
|v 110 No. 4
|
| 700 |
0 |
1 |
|a Varga Zoltán
|e aut
|
| 700 |
0 |
1 |
|a Gáspár Renáta
|e aut
|
| 700 |
0 |
1 |
|a Szűcs Gergő
|e aut
|
| 700 |
0 |
1 |
|a Kovács Mónika Gabriella
|e aut
|
| 700 |
0 |
1 |
|a Kovács Zsuzsanna
|e aut
|
| 700 |
0 |
1 |
|a Dux László
|e aut
|
| 700 |
0 |
1 |
|a Kahán Zsuzsanna
|e aut
|
| 700 |
0 |
1 |
|a Csont Tamás Bálint
|e aut
|
| 856 |
4 |
0 |
|u http://publicatio.bibl.u-szeged.hu/20865/1/Sarkozy2021_Article_PathomechanismsAndTherapeuticO.pdf
|z Dokumentum-elérés
|